01360nam a22002177a 450000500170000000800410001702000150005804000070007304100080008008200220008810000260011024500280013626000300016430000260019452006810022065000300090170000280093194200120095999900190097195201520099020230603124923.0230603b ||||| |||| 00| 0 eng d a0099445492 cAL aeng 223a917.931bJONO aBelinda Jones9119373 aOn the road to Mr Right aLondonbArrow Booksc2004 ax,499p.bPBc17x11cm. aBelinda loves America. Her best friend Emily loves men. So when they decide it’s time to shake up their lives, they combine their two greatest passions in a fantastic road trip taking them from Eden to Valentine — via Climax — in pursuit of the American Dream Guy. There’s no shortage of men — a Casanova from Cazenovia, a tattooed trucker form Kissimmee, a Princeton-educated skipper from Weddington. But is romance really the answer to their problems? And is two women in search of the perfect man such a great idea anyway? Theirs is a journey of revelations and surprises, of cactus kisses and errant snowploughs, but above all it’s a journey in search of love. aTravel In America9119374 aJONES (Belinda)9119375 2ddccDB c227399d227399 00102ddc40708ENGaALbALd2023-06-01l0o917.931 JONOpD04926r2023-06-03 00:00:00w2023-06-03yDBzDonated by Thilak Desingh Used Book Factory